[Event "Novi Sad Serbian op"]
[Site "Novi Sad"]
[Date "2016.11.11"]
[Round "7"]
[White "Jakic, Dragisa"]
[Black "Jovanovic, Branislav D"]
[Result "1-0"]
[WhiteElo "1775"]
[BlackElo "1425"]
[PlyCount "87"]
[EventDate "2016.11.06"]
[EventType "swiss"]
[EventRounds "9"]
[EventCountry "SRB"]
[SourceTitle "CBM 175 Extra"]
[Source "ChessBase"]
[SourceDate "2016.12.12"]
[SourceVersion "1"]
[SourceVersionDate "2016.12.12"]
[SourceQuality "1"]

1. e4 c5 2. Nf3 d6 3. d4 cxd4 4. Nxd4 Nf6 5. Nc3 a6 6. Bc4 e5 7. Nf3 Bg4 8. h3 Bh5 9. Be3 Nc6 10. Be2 Bg6 11. Nd2 h6 12. 0-0 Be7 13. f3 0-0 14. Nc4 b5 15. Nb6 Rb8 16. Nbd5 Nxd5 17. Nxd5 Bg5 18. Bf2 Bh4 19. g3 Be7 20. c3 f5 21. exf5 Bxf5 22. g4 Bg6 23. Kg2 Bh4 24. Be3 h5 25. Qd2 Ne7 26. Nb4 a5 27. Nc2 Qd7 28. Rad1 hxg4 29. hxg4 d5 30. Rh1 Bf6 31. Ne1 e4 32. f4 Rbc8 33. g5 Bxc3 34. bxc3 Kf7 35. Nc2 Rh8 36. Nd4 Bf5 37. Kf2 Bg4 38. Bxb5 Nc6 39. Nxc6 Rxc6 40. Bxc6 Qxc6 41. Rxh8 Bxd1 42. Qxd1 Qxc3 43. Qh5+ Ke7 44. Re8+ 1-0

[Event "Novi Sad Serbian op"]
[Site "Novi Sad"]
[Date "2016.11.08"]
[Round "4"]
[White "Dimitrijevic, Stefan"]
[Black "Jovanovic, Branislav D"]
[Result "1-0"]
[WhiteElo "1824"]
[BlackElo "1425"]
[PlyCount "44"]
[EventDate "2016.11.06"]
[EventType "swiss"]
[EventRounds "9"]
[EventCountry "SRB"]
[SourceTitle "CBM 175 Extra"]
[Source "ChessBase"]
[SourceDate "2016.12.12"]
[SourceVersion "1"]
[SourceVersionDate "2016.12.12"]
[SourceQuality "1"]

1. d4 d6 2. Nf3 Nf6 3. g3 Be6 4. Bg2 Qd7 5. Ng5 Bd5 6. e4 Bc6 7. d5 Bb5 8. b3 h6 9. c4 Ba6 10. Nxf7 Kxf7 11. f4 Qg4 12. Bf3 Qh3 13. e5 dxe5 14. fxe5 Qf5 15. Bb2 Ke8 16. 0-0 Qg5 17. exf6 gxf6 18. Bh5+ Kd8 19. Nd2 Nd7 20. Qe2 b6 21. Ne4 Qg7 22. Nxf6 exf6 1-0